Qualitrends : (Record no. 347718)
[ view plain ]
| 000 -LEADER | |
|---|---|
| fixed length control field | 00896 a2200181 4500 |
| 020 ## - INTERNATIONAL STANDARD BOOK NUMBER | |
| International Standard Book Number | 0070242488 (paperback) |
| 020 ## - INTERNATIONAL STANDARD BOOK NUMBER | |
| International Standard Book Number | 9780070242487 (paperback) |
| 082 04 - DEWEY DECIMAL CLASSIFICATION NUMBER | |
| Classification number | 658.562 |
| 090 ## - LOCALLY ASSIGNED LC-TYPE CALL NUMBER (OCLC); LOCAL CALL NUMBER (RLIN) | |
| -- | 5305 |
| -- | 5305 |
| 100 1# - MAIN ENTRY--PERSONAL NAME | |
| Personal name | Woods, John A. |
| 245 10 - TITLE STATEMENT | |
| Title | Qualitrends : |
| Remainder of title | 7 quality secrets that will change your life / |
| Statement of responsibility, etc. | John A. Woods, James W. Cortada. |
| 260 ## - PUBLICATION, DISTRIBUTION, ETC. | |
| Place of publication, distribution, etc. | [S.l.] : |
| Name of publisher, distributor, etc. | McGraw-Hill Companies, |
| Date of publication, distribution, etc. | 1996. |
| 300 ## - PHYSICAL DESCRIPTION | |
| Extent | 100 p. ; |
| Dimensions | 20 cm. |
| 520 ## - SUMMARY, ETC. | |
| Summary, etc. | A synopsis of the major trends in the world of quality management, this book includes coverage of teamwork, process improvement, global competition and the virtual office. Each topic is accompanied by a "quality readiness checklist". A "quality thumbnail library" lists the field's best resources. |
| 700 1# - ADDED ENTRY--PERSONAL NAME | |
| Personal name | Cortada, James W. |
| 856 40 - ELECTRONIC LOCATION AND ACCESS | |
| Materials specified | Amazon.com |
| Uniform Resource Identifier | <a href="http://www.amazon.com/exec/obidos/ASIN/0070242488/chopaconline-20">http://www.amazon.com/exec/obidos/ASIN/0070242488/chopaconline-20</a> |
| 942 ## - ADDED ENTRY ELEMENTS (KOHA) | |
| Institution code [OBSOLETE] | NBS |
| Koha item type | Book |
| Call number prefix | 658 WOO |
| Withdrawn status | Lost status | Damaged status | Not for loan | Permanent Location | Current Location | Date acquired | Total Checkouts | Full call number | Barcode | Date last seen | Date last checked out | Price effective from | Koha item type |
|---|---|---|---|---|---|---|---|---|---|---|---|---|---|
| Central Library (CL) | Central Library (CL) | 08/28/2013 | 1 | 658 WOO | NBS4278 | 11/13/2021 | 03/16/2021 | 08/28/2013 | Book | ||||
| Central Library (CL) | Central Library (CL) | 08/28/2013 | 658 WOO | NBS1901 | 08/28/2013 | 08/28/2013 | Book |
